000 00326nam a2200133 i 4500
001 bg
100 1 _aROMANOWSKI, Józef
245 0 _aRozwój fizyczny a środowisko społeczne /
_cJ. Romanowski.
260 _aKoszalin,
_c1974.
040 _cBPK
041 _apol
942 _cKS
008 s pl f |000 0 pol
999 _c19968
_d19968
856 _uhttp://koha.tu.koszalin.pl/cgi-bin/koha/opac-detail.pl?biblionumber=19968
_yKatalog online BPK